=LDR 00000nam 2200000 4500 =001 INLIS000000000006276 =005 20251106101725 =035 ##$$a 0010-1125000150 =007 ta =008 251106###########################0#ind## =082 ##$$a 312.095 =084 ##$$a 312.095 SUR a =100 #$$a Suryani =245 1#$$a Analisa Perkembangan Kependudukan Menurut Sensus Penduduk 1990 /$c Badan Koordinasi Keluarga Berencana Nasional =260 ##$:$b Badan Koordinasi Keluarga Berencana Nasional =300 ##$$a 10 Hal : $b Ilus ; $c 21 =650 #4$$a Keluarga Berencana =856 ##$$a Perpustakaan Kemendukbangga